| 000 | 00351nam a2200145Ia 4500 | ||
|---|---|---|---|
| 008 | 230711s9999||||xx |||||||||||||| ||und|| | ||
| 041 | _aENG | ||
| 082 |
_a720 _bHR-S |
||
| 100 | _aHrenrichsrgel | ||
| 245 | 0 | _aStructural system | |
| 250 | _a1st | ||
| 260 |
_c1990 _aNew Delhi _bNirja Const & Development co.Ltd |
||
| 650 | _aCivil Engineering | ||
| 942 | _cBK | ||
| 999 |
_c47 _d47 |
||